000 00835nam a22002771c 4500
001 118885235
008 170608s1990 gw |||| 000u ger d
020 _a3499129256
_93-499-12925-6
041 _ager
245 0 0 _aWir sind das Geld :
_bwie die Westdeutschen die DDR aufkaufen /
_cKlaus Humann (Hg.)
250 _aOrig.-Ausg.
264 _aReinbek bei Hamburg :
_bRowohlt,
_c1990
300 _a190 S. : graph. Darst.
650 0 _aKapitalismus
650 0 _aExpansion
650 0 _aWirtschaft
651 0 _aDeutschland
651 0 _aDeutschland (DDR)
651 0 _aDeutschland (BRD)
700 1 _aHumann, Klaus
_eHerausgeberIn
856 4 _uhttp://www.gbv.de/dms/hbz/toc/ht003878804.pdf
_zInhaltsverzeichnis
942 _cMG
040 _cRU-10907106
003 RU-10907106
999 _c10415
_d10415
490 0 _arororo : rororo aktuell
_v12925